[Event "Daventry 4NCL U1700"]
[Site "Daventry"]
[Date "2025.04.19"]
[Round "3.8"]
[White "Williams, Leslie"]
[Black "Webster, Vivien"]
[Result "1/2-1/2"]
[WhiteElo "1517"]
[BlackElo "1664"]
[PlyCount "95"]
[EventDate "2025.04.18"]
[EventType "swiss"]
[EventRounds "7"]
[EventCountry "ENG"]
[SourceTitle "BritBase"]
[Source "John Saunders"]
[SourceDate "2025.09.18"]
[SourceVersion "1"]
[SourceVersionDate "2025.09.18"]
[SourceQuality "1"]

1. d4 e6 2. Nf3 f5 3. e3 Nf6 4. c4 c6 5. Be2 Bd6 6. Nc3 O-O 7. h4 Bc7 8. h5 Ne4 9. Bd2 Nxd2 10. Qxd2 d5 11. h6 g6 12. O-O-O Qf6 13. Rdg1 Nd7 14. g4 f4 15. e4 Ba5 16. g5 Qe7 17. e5 Nb6 18. Rg4 Bd7 19. c5 Na4 20. Kc2 b5 21. a3 Rab8 22. Rxf4 Rxf4 23. Qxf4 Nxc3 24. bxc3 Rf8 25. Qe3 Qf7 26. Rb1 a6 27. a4 Bd8 28. Ra1 Qf5+ 29. Qd3 Qf4 30. axb5 axb5 31. Ra7 Be8 32. Rg7+ Kh8 33. Qe3 Qf5+ 34. Kb2 Qh3 35. Rb7 Qf5 36. Bd3 Qxf3 37. Qxf3 Rxf3 38. Rb8 Rxf2+ 39. Kb3 Kg8 40. Rxd8 Kf8 41. Rc8 Rf7 42. Be2 Ke7 43. Bg4 Rf8 44. Kb4 Bd7 45. Rxf8 Kxf8 46. Ka5 Ke7 47. Kb6 Be8 48. Kc7 1/2-1/2

[Event "Daventry 4NCL U1700"]
[Site "Daventry"]
[Date "2025.04.19"]
[Round "3.9"]
[White "Green, Oliver"]
[Black "Sartain, Patrick P"]
[Result "1-0"]
[WhiteElo "1660"]
[BlackElo "1458"]
[PlyCount "51"]
[EventDate "2025.04.18"]
[EventType "swiss"]
[EventRounds "7"]
[EventCountry "ENG"]
[SourceTitle "BritBase"]
[Source "John Saunders"]
[SourceDate "2025.09.18"]
[SourceVersion "1"]
[SourceVersionDate "2025.09.18"]
[SourceQuality "1"]

1. e4 e5 2. Nf3 d6 3. d4 exd4 4. Nxd4 Nf6 5. Nc3 c6 6. Be2 Be7 7. O-O Nbd7 8. Nf5 Ne5 9. Nxg7+ Kd7 10. Nf5 Kc7 11. Nxe7 Qxe7 12. Bf4 Rg8 13. Qd2 Bg4 14. f3 Bh3 15. Rf2 Nh5 16. Bxe5 dxe5 17. Kh1 Qh4 18. Bf1 Be6 19. Qe1 Ng3+ 20. Kg1 Nh5 21. Rd2 Qf4 22. Ne2 Qxf3 23. Ng3 Qg4 24. Be2 Qf4 25. Bxh5 Rxg3 26. hxg3 1-0

[Event "Daventry 4NCL U1700"]
[Site "Daventry"]
[Date "2025.04.19"]
[Round "3.10"]
[White "Morrish, John"]
[Black "Ronald, Ken"]
[Result "1-0"]
[WhiteElo "1644"]
[BlackElo "1498"]
[PlyCount "65"]
[EventDate "2025.04.18"]
[EventType "swiss"]
[EventRounds "7"]
[EventCountry "ENG"]
[SourceTitle "BritBase"]
[Source "John Saunders"]
[SourceDate "2025.09.18"]
[SourceVersion "1"]
[SourceVersionDate "2025.09.18"]
[SourceQuality "1"]

1. e4 d5 2. exd5 Qxd5 3. Nc3 Qa5 4. Qf3 c6 5. Bc4 Bf5 6. d3 e6 7. Bd2 Qc7 8. Nge2 Nd7 9. Bb3 Ngf6 10. h3 Bd6 11. Ne4 Be7 12. g4 Bg6 13. Nf4 Nxe4 14. dxe4 Ne5 15. Qe3 b6 16. O-O-O O-O 17. Nxg6 hxg6 18. f4 Bc5 19. Qe2 Nd7 20. f5 exf5 21. gxf5 gxf5 22. exf5 Rae8 23. Qg2 Qe5 24. Rhe1 Qxf5 25. Bc3 Ne5 26. Qg3 Bf2 27. Rf1 Bxg3 28. Rxf5 Ng6 29. Rg1 Ne7 30. Rf3 Nd5 31. Rfxg3 g6 32. Bb4 Nxb4 33. Rxg6+ 1-0

[Event "Daventry 4NCL U1700"]
[Site "Daventry"]
[Date "2025.04.19"]
[Round "3.11"]
[White "Prabhakaran, Anvikkashri"]
[Black "Bangalore Kumar, Rohith"]
[Result "1-0"]
[WhiteElo "1498"]
[BlackElo "1619"]
[PlyCount "89"]
[EventDate "2025.04.18"]
[EventType "swiss"]
[EventRounds "7"]
[EventCountry "ENG"]
[SourceTitle "BritBase"]
[Source "John Saunders"]
[SourceDate "2025.09.18"]
[SourceVersion "1"]
[SourceVersionDate "2025.09.18"]
[SourceQuality "1"]

1. d4 d5 2. c4 e6 3. Nc3 Nf6 4. Nf3 c5 5. e3 Nc6 6. Be2 Be7 7. O-O O-O 8. Re1 cxd4 9. exd4 Bb4 10. Be3 Ne4 11. Rc1 Qa5 12. Bd2 Nxd2 13. Qxd2 Rd8 14. a3 Bxc3 15. Rxc3 dxc4 16. b4 cxb3 17. Qb2 Nxd4 18. Nxd4 Rxd4 19. Rec1 Bd7 20. Bf3 Qb6 21. Rxb3 Qd6 22. h3 Bc6 23. Rbc3 h6 24. Bxc6 bxc6 25. Rxc6 Rd1+ 26. Rxd1 Qxc6 27. Rc1 Qb6 28. Qc3 Rb8 29. Qf3 a5 30. Qf4 Qb2 31. Rc7 Rf8 32. a4 g5 33. Qf3 Qa1+ 34. Kh2 Qe5+ 35. Qg3 Qxg3+ 36. Kxg3 Rb8 37. Ra7 Rb3+ 38. Kh2 Ra3 39. Rxa5 Kg7 40. Ra8 Kf6 41. a5 Ke5 42. a6 Kd6 43. a7 Ke7 44. f3 f5 45. Rh8 1-0

[Event "Daventry 4NCL U1700"]
[Site "Daventry"]
[Date "2025.04.19"]
[Round "3.12"]
[White "Poliakov, Andrii"]
[Black "Jerome, Stellio"]
[Result "1-0"]
[WhiteElo "1437"]
[BlackElo "1614"]
[PlyCount "103"]
[EventDate "2025.04.18"]
[EventType "swiss"]
[EventRounds "7"]
[EventCountry "ENG"]
[SourceTitle "BritBase"]
[Source "John Saunders"]
[SourceDate "2025.09.18"]
[SourceVersion "1"]
[SourceVersionDate "2025.09.18"]
[SourceQuality "1"]

1. d4 f5 2. c4 Nf6 3. Nf3 e6 4. Nc3 Bb4 5. Bd2 O-O 6. e3 d6 7. Bd3 Qe8 8. Qc2 Nbd7 9. e4 e5 10. d5 Bxc3 11. Bxc3 Nc5 12. Nd2 fxe4 13. Nxe4 Ncxe4 14. Bxe4 Nxe4 15. Qxe4 Rf4 16. Qe2 Qg6 17. O-O Bh3 18. g3 Bxf1 19. Rxf1 Raf8 20. b3 Rf3 21. Bb2 Qf5 22. Kg2 e4 23. Bd4 Qg4 24. Re1 Re8 25. Be3 Re5 26. Bd4 Re7 27. Be3 h5 28. h4 b6 29. Kh2 a5 30. Kg2 Rf8 31. Qd2 Qf3+ 32. Kg1 Rf6 33. Bg5 e3 34. Rxe3 Rxe3 35. Bxe3 Qe4 36. Qe2 g6 37. Qb2 Rf7 38. Qd2 Re7 39. Kh2 Rf7 40. Kg1 Qb1+ 41. Kh2 Qf5 42. Bd4 Qg4 43. Qe3 Kh7 44. Qe8 Qxd4 45. Qxf7+ Kh6 46. Kg2 Qe4+ 47. Qf3 Qc2 48. Qf8+ Kh7 49. Qe7+ Kh6 50. Qxc7 Qe4+ 51. Kh2 Qf3 52. Qxb6 1-0

[Event "Daventry 4NCL U1700"]
[Site "Daventry"]
[Date "2025.04.19"]
[Round "3.13"]
[White "Bishop, Geoffrey L"]
[Black "Raj Konwar, Daryan"]
[Result "1-0"]
[WhiteElo "1609"]
[BlackElo "1294"]
[PlyCount "103"]
[EventDate "2025.04.18"]
[EventType "swiss"]
[EventRounds "7"]
[EventCountry "ENG"]
[SourceTitle "BritBase"]
[Source "John Saunders"]
[SourceDate "2025.09.18"]
[SourceVersion "1"]
[SourceVersionDate "2025.09.18"]
[SourceQuality "1"]

1. e4 c5 2. Nf3 d6 3. d4 cxd4 4. Nxd4 Nf6 5. Nc3 g6 6. Be3 Bg7 7. f3 O-O 8. Bc4 Nbd7 9. Qd2 Ne5 10. Bb3 Re8 11. O-O-O a6 12. h4 Bd7 13. g4 Rc8 14. h5 Nxf3 15. Nxf3 Bxg4 16. hxg6 hxg6 17. Rdf1 Rxc3 18. bxc3 Nxe4 19. Qd5 e6 20. Qxe4 Bf5 21. Qxb7 Qa5 22. Bd4 Qa3+ 23. Kb1 f6 24. Qb4 Qxb4 25. cxb4 Rb8 26. a3 a5 27. bxa5 Rxb3+ 28. Ka2 Bxc2 29. Rh2 Bd3 30. Rd1 Bc4 31. Nd2 Rh3+ 32. Nxc4 Rxh2+ 33. Kb3 d5 34. Nb6 Rh3+ 35. Kb4 Bf8+ 36. Bc5 Rh4+ 37. Kb5 Bh6 38. a6 Rh3 39. a7 Rb3+ 40. Ka4 Rc3 41. a8=Q+ Kf7 42. Qf8+ Bxf8 43. Bxf8 Kxf8 44. Kb4 Rc6 45. Kb5 Rc7 46. a4 Ke7 47. a5 Kd6 48. a6 f5 49. Ra1 Ke5 50. Na4 f4 51. Nc5 Kd4 52. Nxe6+ 1-0

[Event "Daventry 4NCL U1700"]
[Site "Daventry"]
[Date "2025.04.19"]
[Round "3.16"]
[White "Sloan, Cecil"]
[Black "Fletcher, Ben J"]
[Result "1/2-1/2"]
[WhiteElo "1583"]
[BlackElo "1431"]
[PlyCount "28"]
[EventDate "2025.04.18"]
[EventType "swiss"]
[EventRounds "7"]
[EventCountry "ENG"]
[SourceTitle "BritBase"]
[Source "John Saunders"]
[SourceDate "2025.09.18"]
[SourceVersion "1"]
[SourceVersionDate "2025.09.18"]
[SourceQuality "1"]

1. e4 c5 2. a4 a6 3. Nf3 d6 4. Bc4 e6 5. O-O Be7 6. Nc3 Nc6 7. d3 Nf6 8. Qe2 O-O 9. Bg5 Re8 10. Rfd1 Qc7 11. Bf4 Nh5 12. Be3 Nf6 13. Bf4 Nh5 14. Be3 Nf6 1/2-1/2

[Event "Daventry 4NCL U1700"]
[Site "Daventry"]
[Date "2025.04.19"]
[Round "3.17"]
[White "Homer, Neil S"]
[Black "Amudhavel, Aadharshini"]
[Result "1-0"]
[WhiteElo "1683"]
[BlackElo "1263"]
[PlyCount "89"]
[EventDate "2025.04.18"]
[EventType "swiss"]
[EventRounds "7"]
[EventCountry "ENG"]
[SourceTitle "BritBase"]
[Source "John Saunders"]
[SourceDate "2025.09.18"]
[SourceVersion "1"]
[SourceVersionDate "2025.09.18"]
[SourceQuality "1"]

1. e4 e5 2. Nc3 Nf6 3. f4 exf4 4. e5 Ng8 5. Nf3 Nc6 6. d4 d5 7. Bxf4 Bg4 8. Be2 Bb4 9. O-O Nge7 10. Bg5 Bxc3 11. bxc3 h6 12. Bd2 Qd7 13. Rb1 O-O-O 14. Rb2 b6 15. Bb5 g5 16. a4 Qe6 17. Qe2 f5 18. Ba6+ Kb8 19. Qb5 f4 20. a5 Ka8 21. axb6 cxb6 22. Qa4 Rb8 23. Be2 Rhg8 24. Rfb1 Nd8 25. Ra2 Ndc6 26. c4 h5 27. Bb4 Rb7 28. Bxe7 Rxe7 29. Rxb6 Rc8 30. cxd5 Qxd5 31. c4 Qe4 32. Qd1 Rd8 33. h3 Nxd4 34. Nxd4 Rxd4 35. Qb3 Rd8 36. hxg4 hxg4 37. Qb4 Qe3+ 38. Kf1 g3 39. Bf3+ Qxf3+ 40. gxf3 Rh7 41. Rd6 Rdh8 42. Rdd2 Rh1+ 43. Ke2 g2 44. Rxa7+ Kxa7 45. Ra2# 1-0

[Event "Daventry 4NCL U1700"]
[Site "Daventry"]
[Date "2025.04.19"]
[Round "3.18"]
[White "Li, Pengxiang"]
[Black "Ajimal, Jet"]
[Result "0-1"]
[WhiteElo "1287"]
[BlackElo "1629"]
[PlyCount "106"]
[EventDate "2025.04.18"]
[EventType "swiss"]
[EventRounds "7"]
[EventCountry "ENG"]
[SourceTitle "BritBase"]
[Source "John Saunders"]
[SourceDate "2025.09.18"]
[SourceVersion "1"]
[SourceVersionDate "2025.09.18"]
[SourceQuality "1"]

1. e4 c5 2. Nf3 Nc6 3. Bc4 e6 4. Nc3 Nf6 5. d3 Be7 6. Bf4 a6 7. O-O d5 8. exd5 exd5 9. Bb3 O-O 10. Re1 Be6 11. Qe2 Re8 12. Nd1 Na5 13. c3 Nxb3 14. axb3 Bg4 15. Ne3 Bh5 16. h3 d4 17. Nf1 Bd6 18. Qd2 Bxf4 19. Qxf4 dxc3 20. bxc3 Qxd3 21. Re3 Rxe3 22. Qxe3 Qxe3 23. fxe3 Bxf3 24. gxf3 Rd8 25. Kf2 Rd3 26. Rc1 Nd5 27. Ke2 Rxc3 28. Rd1 Rc2+ 29. Ke1 Re2+ 30. Kxe2 Nc3+ 31. Kd2 Nxd1 32. Kxd1 Kf8 33. Kc2 Ke7 34. Kd3 Kd6 35. Nd2 Kc6 36. Nc4 f6 37. e4 b5 38. Ne3 a5 39. Kc3 Kd7 40. f4 g5 41. fxg5 fxg5 42. Ng4 Ke6 43. Ne3 h5 44. Kd3 Ke5 45. Nf5 h4 46. Nh6 a4 47. Nf7+ Kf6 48. Nd6 a3 49. Kc2 b4 50. Nb7 g4 51. Nxc5 g3 52. e5+ Ke7 53. Nd3 g2 0-1

[Event "Daventry 4NCL U1700"]
[Site "Daventry"]
[Date "2025.04.19"]
[Round "3.19"]
[White "Goldsmith, Jennifer"]
[Black "Collins, Nigel"]
[Result "0-1"]
[WhiteElo "1379"]
[BlackElo "1566"]
[PlyCount "22"]
[EventDate "2025.04.18"]
[EventType "swiss"]
[EventRounds "7"]
[EventCountry "ENG"]
[SourceTitle "BritBase"]
[Source "John Saunders"]
[SourceDate "2025.09.18"]
[SourceVersion "1"]
[SourceVersionDate "2025.09.18"]
[SourceQuality "1"]

1. c4 g6 2. Nc3 Bg7 3. g3 c5 4. Bg2 Nc6 5. e4 a6 6. Nge2 b5 7. cxb5 axb5 8. Nxb5 Ba6 9. Nbc3 Bd3 10. O-O Nb4 11. a3 Bc2 0-1

[Event "Daventry 4NCL U1700"]
[Site "Daventry"]
[Date "2025.04.19"]
[Round "3.20"]
[White "Morris, Nigel W"]
[Black "Mantaev, Nikolai"]
[Result "1/2-1/2"]
[WhiteElo "1560"]
[BlackElo "1370"]
[PlyCount "102"]
[EventDate "2025.04.18"]
[EventType "swiss"]
[EventRounds "7"]
[EventCountry "ENG"]
[SourceTitle "BritBase"]
[Source "John Saunders"]
[SourceDate "2025.09.18"]
[SourceVersion "1"]
[SourceVersionDate "2025.09.18"]
[SourceQuality "1"]

1. Nf3 e6 2. c4 d5 3. g3 c6 4. b3 Nf6 5. Bb2 Nbd7 6. Bg2 Be7 7. O-O O-O 8. e3 Ne4 9. d3 Ng5 10. Nc3 Nxf3+ 11. Bxf3 Nf6 12. d4 Qc7 13. Rc1 Qa5 14. a3 Bd7 15. b4 Qd8 16. Qb3 Rb8 17. Rfd1 Re8 18. Bg2 h5 19. e4 h4 20. cxd5 exd5 21. exd5 cxd5 22. Nxd5 Nxd5 23. Bxd5 Rf8 24. Qf3 hxg3 25. fxg3 Bf6 26. Bxb7 Qb6 27. Be4 Rbc8 28. Qd3 Bb5 29. Qd2 Rfe8 30. Bf3 Ba4 31. Rxc8 Rxc8 32. Re1 Rc2 33. Re8+ Kh7 34. Be4+ g6 35. Bxc2 Bxe8 36. Qe3 Bd7 37. Be4 Bh3 38. Bg2 Bf5 39. Kf2 Qd8 40. h3 Bg5 41. Qc3 Bf6 42. b5 Qd7 43. g4 Be6 44. a4 Bd5 45. Bxd5 Qxd5 46. Ke2 Qg2+ 47. Kd1 Qf1+ 48. Kc2 Qe2+ 49. Kb3 Qd1+ 50. Qc2 Qf3+ 51. Qc3 Qd1+ 1/2-1/2

[Event "Daventry 4NCL U1700"]
[Site "Daventry"]
[Date "2025.04.19"]
[Round "3.21"]
[White "Nagaram, Sai Saatvik"]
[Black "Butler, Rene"]
[Result "0-1"]
[WhiteElo "909"]
[BlackElo "1499"]
[PlyCount "86"]
[EventDate "2025.04.18"]
[EventType "swiss"]
[EventRounds "7"]
[EventCountry "ENG"]
[SourceTitle "BritBase"]
[Source "John Saunders"]
[SourceDate "2025.09.18"]
[SourceVersion "1"]
[SourceVersionDate "2025.09.18"]
[SourceQuality "1"]

1. e4 d5 2. exd5 Nf6 3. Nc3 Nxd5 4. Nf3 Nxc3 5. dxc3 Qxd1+ 6. Kxd1 Nc6 7. Bc4 Bg4 8. Be2 O-O-O+ 9. Bd2 g6 10. h3 Bxf3 11. Bxf3 Bh6 12. Bg4+ f5 13. Bf3 Bxd2 14. Ke2 Bh6 15. Rhe1 Rd2+ 16. Kf1 Rxc2 17. Bxc6 bxc6 18. Rxe7 Rc1+ 19. Rxc1 Bxc1 20. h4 Bxb2 21. Re5 Bxc3 22. Rc5 Bf6 23. g3 Kb7 24. a4 Rd8 25. a5 Rd1+ 26. Ke2 Ra1 27. a6+ Rxa6 28. Kd3 Kb6 29. Kc4 Ra4+ 30. Kb3 Kxc5 31. Kxa4 Kd4 32. Ka5 c5 33. Kb5 c4 34. Kb4 a5+ 35. Kxa5 c3 36. Kb5 c2 37. Kc6 c1=Q+ 38. Kd7 Kd5 39. Kc8 Kd6 40. f4 Qc6 41. Kb8 Qb6+ 42. Kc8 c5 43. g4 Qc7# 0-1

[Event "Daventry 4NCL U1700"]
[Site "Daventry"]
[Date "2025.04.19"]
[Round "3.22"]
[White "Gelder, Stephanie"]
[Black "Yue, Blake"]
[Result "1-0"]
[WhiteElo "1488"]
[BlackElo "1178"]
[PlyCount "139"]
[EventDate "2025.04.18"]
[EventType "swiss"]
[EventRounds "7"]
[EventCountry "ENG"]
[SourceTitle "BritBase"]
[Source "John Saunders"]
[SourceDate "2025.09.18"]
[SourceVersion "1"]
[SourceVersionDate "2025.09.18"]
[SourceQuality "1"]

1. d4 e6 2. Nc3 d5 3. Bf4 Nf6 4. Nb5 Bd6 5. Nxd6+ cxd6 6. e3 O-O 7. h4 Nc6 8. Qd2 e5 9. dxe5 dxe5 10. Bg3 Ne4 11. Qe2 Nxg3 12. fxg3 Re8 13. O-O-O Be6 14. Qf2 Rc8 15. Kb1 Qe7 16. Nf3 Bg4 17. Be2 Qf6 18. Rhf1 Qg6 19. Rc1 e4 20. Ng5 Bxe2 21. Qxe2 f6 22. Nh3 Qxg3 23. Rf4 Qg6 24. Rg1 Ne5 25. Qb5 Qf7 26. g4 Nf3 27. Rg3 Kh8 28. g5 Qc7 29. c3 fxg5 30. Nxg5 Qc6 31. Qxc6 bxc6 32. Nf7+ Kg8 33. Nd6 Rf8 34. Nxc8 Rxf4 35. exf4 c5 36. Ne7+ Kf7 37. Nxd5 Nxh4 38. Kc2 Nf3 39. Ne3 Kf6 40. b4 cxb4 41. cxb4 h5 42. Kc3 h4 43. Rh3 g5 44. fxg5+ Kxg5 45. Ng2 Kg4 46. Rxh4+ Nxh4 47. Nxh4 Kxh4 48. Kd4 Kg5 49. Kxe4 Kf6 50. Kd5 Ke7 51. Kc6 Kd8 52. Kb7 a6 53. a4 Kd7 54. b5 a5 55. b6 Kd8 56. Ka8 Kc8 57. b7+ Kd7 58. b8=Q Kc6 59. Ka7 Kc5 60. Qb6+ Kc4 61. Qxa5 Kb3 62. Qb5+ Kc3 63. Kb6 Kc2 64. a5 Kc3 65. a6 Kc2 66. a7 Kc3 67. a8=Q Kc2 68. Qa3 Kd2 69. Qbb2+ Kd1 70. Qaa1# 1-0

[Event "Daventry 4NCL U1700"]
[Site "Daventry"]
[Date "2025.04.19"]
[Round "3.23"]
[White "Calvert, William"]
[Black "Morley, Ian"]
[Result "0-1"]
[WhiteElo "897"]
[BlackElo "1428"]
[PlyCount "38"]
[EventDate "2025.04.18"]
[EventType "swiss"]
[EventRounds "7"]
[EventCountry "ENG"]
[SourceTitle "BritBase"]
[Source "John Saunders"]
[SourceDate "2025.09.18"]
[SourceVersion "1"]
[SourceVersionDate "2025.09.18"]
[SourceQuality "1"]

1. e4 d5 2. e5 c5 3. d4 e6 4. Be3 cxd4 5. Bxd4 Nc6 6. Bb5 Bd7 7. Bxc6 Bxc6 8. Nf3 Bb4+ 9. c3 Ba5 10. b4 Bb6 11. Nbd2 Bxd4 12. cxd4 Ne7 13. Qe2 Qb6 14. a3 Bb5 15. Qd1 Rc8 16. a4 Bd3 17. a5 Qb5 18. Qa4 Qxa4 19. Rxa4 Rc1# 0-1

[Event "Daventry 4NCL U1700"]
[Site "Daventry"]
[Date "2025.04.20"]
[Round "4.1"]
[White "De Block, Gert"]
[Black "Shi, Kevin"]
[Result "0-1"]
[WhiteElo "1654"]
[BlackElo "1430"]
[PlyCount "66"]
[EventDate "2025.04.18"]
[EventType "swiss"]
[EventRounds "7"]
[EventCountry "ENG"]
[SourceTitle "BritBase"]
[Source "John Saunders"]
[SourceDate "2025.09.18"]
[SourceVersion "1"]
[SourceVersionDate "2025.09.18"]
[SourceQuality "1"]

1. d4 Nf6 2. c4 e6 3. Nc3 Bb4 4. a3 Bxc3+ 5. bxc3 c5 6. Nf3 O-O 7. Qc2 d6 8. e4 e5 9. Bd3 Nc6 10. d5 Ne7 11. O-O Ng6 12. h3 Nh5 13. Bg5 Qe8 14. Be2 f6 15. Be3 Ngf4 16. Kh2 g5 17. g4 Nxe2 18. Qxe2 Nf4 19. Bxf4 gxf4 20. Nh4 Kh8 21. Rg1 Rg8 22. Rg2 Qf8 23. Rag1 Qh6 24. Nf5 Bxf5 25. gxf5 Rxg2+ 26. Rxg2 Rg8 27. Rxg8+ Kxg8 28. Qg4+ Kf7 29. h4 Qg7 30. Qh5+ Ke7 31. Qf3 Kd7 32. Qh5 Kc7 33. Qe8 f3 0-1

[Event "Daventry 4NCL U1700"]
[Site "Daventry"]
[Date "2025.04.20"]
[Round "4.2"]
[White "Peel, James"]
[Black "Udin, Wade"]
[Result "1-0"]
[WhiteElo "1534"]
[BlackElo "1521"]
[PlyCount "109"]
[EventDate "2025.04.18"]
[EventType "swiss"]
[EventRounds "7"]
[EventCountry "ENG"]
[SourceTitle "BritBase"]
[Source "John Saunders"]
[SourceDate "2025.09.18"]
[SourceVersion "1"]
[SourceVersionDate "2025.09.18"]
[SourceQuality "1"]

1. e4 d6 2. d4 Nf6 3. Nc3 g6 4. Be3 c6 5. Qd2 b5 6. Bd3 Nbd7 7. Nge2 Bg7 8. Bh6 Bxh6 9. Qxh6 Rg8 10. Qd2 Bb7 11. f3 Qa5 12. Nc1 a6 13. Nb3 Qb6 14. Ne2 c5 15. c4 bxc4 16. Bxc4 Qb4 17. Qxb4 cxb4 18. Na5 d5 19. Bb3 Rb8 20. e5 Nh5 21. Nxb7 Rxb7 22. Bxd5 Rb6 23. Rc1 Kf8 24. Rc7 Nb8 25. g4 Ng7 26. Kd2 e6 27. Bb3 Ne8 28. Rc8 Kg7 29. Ba4 b3 30. a3 Nd6 31. Rxg8+ Kxg8 32. exd6 Rxd6 33. Rc1 Kg7 34. Rc8 Rb6 35. Nc1 a5 36. Kc3 Na6 37. Rc6 Rxc6+ 38. Bxc6 Kf6 39. h4 Nc7 40. Nxb3 a4 41. Nc5 e5 42. Nd7+ Ke6 43. Nxe5 f6 44. Nc4 f5 45. gxf5+ Kxf5 46. Ne5 h5 47. Be4+ Kf6 48. Bxg6 Nd5+ 49. Kc4 Nf4 50. Be4 Ng2 51. Ng6 Nxh4 52. Nxh4 Kg5 53. Ng2 h4 54. Nxh4 Kxh4 55. d5 1-0

[Event "Daventry 4NCL U1700"]
[Site "Daventry"]
[Date "2025.04.20"]
[Round "4.3"]
[White "Smith, Adam"]
[Black "Van Neerven, Yvon"]
[Result "0-1"]
[WhiteElo "1519"]
[BlackElo "1222"]
[PlyCount "92"]
[EventDate "2025.04.18"]
[EventType "swiss"]
[EventRounds "7"]
[EventCountry "ENG"]
[SourceTitle "BritBase"]
[Source "John Saunders"]
[SourceDate "2025.09.18"]
[SourceVersion "1"]
[SourceVersionDate "2025.09.18"]
[SourceQuality "1"]

1. e4 e6 2. b3 d5 3. Bb2 c5 4. Nc3 Nc6 5. Nf3 Nf6 6. Qe2 dxe4 7. Nxe4 Nxe4 8. Qxe4 Qd5 9. Bd3 Nb4 10. Qxd5 exd5 11. Bb5+ Bd7 12. Bxd7+ Kxd7 13. Kd1 f6 14. d4 Rc8 15. a3 Nc6 16. Re1 Bd6 17. Ke2 cxd4 18. Bxd4 Nxd4+ 19. Nxd4 Be5 20. Rad1 Bxd4 21. Rxd4 Rxc2+ 22. Kf1 Kc6 23. b4 Rc3 24. a4 Rc4 25. Rxc4+ dxc4 26. Rc1 b5 27. a5 Rd8 28. Ke2 Rd3 29. Rb1 Kd5 30. h3 Ke6 31. Rb2 Rb3 32. Rxb3 cxb3 33. Kd3 b2 34. Kc2 b1=Q+ 35. Kxb1 Kd5 36. Kb2 Kc4 37. Ka3 g5 38. a6 h5 39. g3 g4 40. hxg4 hxg4 41. Kb2 Kxb4 42. Kc2 Ka3 43. Kc3 b4+ 44. Kc2 b3+ 45. Kb1 b2 46. f4 gxf3 0-1

[Event "Daventry 4NCL U1700"]
[Site "Daventry"]
[Date "2025.04.20"]
[Round "4.4"]
[White "Oliveri, Omar"]
[Black "Chen, Yechu"]
[Result "0-1"]
[WhiteElo "1699"]
[BlackElo "1555"]
[PlyCount "68"]
[EventDate "2025.04.18"]
[EventType "swiss"]
[EventRounds "7"]
[EventCountry "ENG"]
[SourceTitle "BritBase"]
[Source "John Saunders"]
[SourceDate "2025.09.18"]
[SourceVersion "1"]
[SourceVersionDate "2025.09.18"]
[SourceQuality "1"]

1. e4 e5 2. f4 exf4 3. Bc4 Nc6 4. Nf3 Be7 5. O-O d6 6. d4 Bf6 7. Bxf4 Bg4 8. c3 Nge7 9. Qe1 Bxf3 10. Rxf3 Nxd4 11. Rd3 Nc2 12. Qd1 Nxa1 13. Nd2 Ng6 14. Be3 Ne5 15. Rd5 c6 16. Rxe5+ dxe5 17. Qxa1 O-O 18. Nf3 Qe7 19. Qe1 Rad8 20. b4 Rd7 21. Bc5 Qd8 22. Bb3 Re8 23. a4 b6 24. Be3 Rc7 25. Qe2 c5 26. Qc4 cxb4 27. Qxb4 Qe7 28. Qb5 Rxc3 29. Bd2 Qc5+ 30. Qxc5 Rxc5 31. Bd5 Rxd5 32. exd5 e4 33. Ne1 Bd4+ 34. Kf1 e3 0-1

[Event "Daventry 4NCL U1700"]
[Site "Daventry"]
[Date "2025.04.20"]
[Round "4.5"]
[White "Loyden, Gary"]
[Black "Green, Oliver"]
[Result "1/2-1/2"]
[WhiteElo "1531"]
[BlackElo "1660"]
[PlyCount "61"]
[EventDate "2025.04.18"]
[EventType "swiss"]
[EventRounds "7"]
[EventCountry "ENG"]
[SourceTitle "BritBase"]
[Source "John Saunders"]
[SourceDate "2025.09.18"]
[SourceVersion "1"]
[SourceVersionDate "2025.09.18"]
[SourceQuality "1"]

1. e4 d5 2. exd5 Qxd5 3. Nc3 Qa5 4. d4 Nf6 5. Nf3 c6 6. Be2 Bf5 7. O-O e6 8. Ne5 Bd6 9. Nc4 Qc7 10. Nxd6+ Qxd6 11. Bg5 Nbd7 12. Bh4 O-O 13. Bg3 Qb4 14. Rb1 Rac8 15. a3 Qe7 16. Re1 Nd5 17. Bd3 Bxd3 18. Qxd3 Rfd8 19. Ne4 Nf8 20. Qf3 Nb6 21. c3 Rd5 22. Bf4 Nbd7 23. Qg3 e5 24. dxe5 Nxe5 25. Nd2 Nfg6 26. Bxe5 Rxe5 27. Rxe5 Qxe5 28. Qxe5 Nxe5 29. Re1 f6 30. f4 Ng6 31. g3 1/2-1/2

[Event "Daventry 4NCL U1700"]
[Site "Daventry"]
[Date "2025.04.20"]
[Round "4.6"]
[White "Prabhakaran, Anvikkashri"]
[Black "Morrish, John"]
[Result "1-0"]
[WhiteElo "1498"]
[BlackElo "1644"]
[PlyCount "113"]
[EventDate "2025.04.18"]
[EventType "swiss"]
[EventRounds "7"]
[EventCountry "ENG"]
[SourceTitle "BritBase"]
[Source "John Saunders"]
[SourceDate "2025.09.18"]
[SourceVersion "1"]
[SourceVersionDate "2025.09.18"]
[SourceQuality "1"]

1. d4 e5 2. dxe5 d6 3. exd6 Bxd6 4. Nf3 Bg4 5. e3 Nc6 6. Be2 Qe7 7. Bd2 O-O-O 8. Nc3 h5 9. a3 Nh6 10. b4 Ne5 11. Nd5 Qe6 12. Nf4 Nxf3+ 13. gxf3 Bxf4 14. fxg4 Be5 15. Rb1 Qd6 16. f4 Bc3 17. Bxc3 Qc6 18. Bd4 Qxh1+ 19. Kd2 Qxh2 20. Kc1 Nxg4 21. Bxg4+ hxg4 22. Qxg4+ Kb8 23. Qxg7 Rh7 24. Qg5 Re8 25. Qb5 Rg8 26. Qe5 b6 27. Qe7 f5 28. Qe6 Rd8 29. Qf6 Rhd7 30. Qxf5 Rxd4 31. exd4 Qg1+ 32. Kb2 Qxd4+ 33. Ka2 Qc4+ 34. Rb3 Rd2 35. Kb2 Qd5 36. Qxd5 Rxd5 37. Rf3 Rf5 38. Kc3 Kc8 39. Kd4 Kd7 40. Ke4 Rh5 41. f5 Ke7 42. Ke5 Rh2 43. f6+ Kf7 44. Rc3 c5 45. bxc5 bxc5 46. Rxc5 Re2+ 47. Kd6 Kxf6 48. c4 Rd2+ 49. Rd5 Ra2 50. Ra5 Rd2+ 51. Kc6 Ke6 52. Rxa7 Rd6+ 53. Kb5 Rd1 54. c5 Rb1+ 55. Kc6 Rc1 56. Ra5 Ke7 57. Kc7 1-0

[Event "Daventry 4NCL U1700"]
[Site "Daventry"]
[Date "2025.04.20"]
[Round "4.7"]
[White "Curran, David P"]
[Black "Poliakov, Andrii"]
[Result "1-0"]
[WhiteElo "1612"]
[BlackElo "1437"]
[PlyCount "79"]
[EventDate "2025.04.18"]
[EventType "swiss"]
[EventRounds "7"]
[EventCountry "ENG"]
[SourceTitle "BritBase"]
[Source "John Saunders"]
[SourceDate "2025.09.18"]
[SourceVersion "1"]
[SourceVersionDate "2025.09.18"]
[SourceQuality "1"]

1. b4 d5 2. Bb2 Nf6 3. Nf3 e6 4. b5 Bd7 5. e3 c6 6. a4 g6 7. c4 Bg7 8. Ba3 Qc7 9. d4 dxc4 10. Ne5 cxb5 11. axb5 Bxb5 12. Nc3 Bd7 13. Bxc4 Nc6 14. Nb5 Qa5+ 15. Kf1 Ne4 16. Bf8 Qxa1 17. Qxa1 Bxe5 18. dxe5 Kxf8 19. Ke2 a6 20. Nd6 Nc5 21. Rd1 Be8 22. Qa3 b6 23. Ne4 Rc8 24. Bxa6 Ra8 25. Nxc5 bxc5 26. Qxc5+ Kg7 27. Bb7 Ra7 28. Kf3 Ra5 29. Qc3 Nxe5+ 30. Kg3 Rb5 31. Ba6 f6 32. Bxb5 Bxb5 33. Qc7+ Kh6 34. Rd8 Rxd8 35. Qxd8 f5 36. Kh4 Kg7 37. Qb8 g5+ 38. Kxg5 Kf7 39. Kh4 Bf1 40. f4 1-0